Score 0/18 Timer 05:00
15 Plays Today
% Correct
Warner Bros.
97.2%
Windows
96.2%
Wendy's
94.8%
Wikipedia
92.9%
World Wide Fund for Nature
78.6%
Wonder Woman
78.6%
Walgreens
76.3%
Wimbledon
75%
WWE
73.3%
% Correct
Walmart
73%
Whirlpool
65.6%
Golden State Warriors
53.4%
WhatsApp
51.9%
World of Warcraft
50.2%
World Health Organisation
43.2%
Minnesota Wild
42.3%
Western Union
36.3%
West Ham United
29.6%

You're not logged in!

Compare scores with friends on all Sporcle quizzes.
OR
Log In

Sporcle TV

Today on Sporcle TV


Watch our educational content, quiz creation guides, and fun videos on Sporcle TV.

Show Comments

Extras

Top Quizzes Today


Score Distribution

Your Account Isn't Verified!

In order to create a playlist on Sporcle, you need to verify the email address you used during registration. Go to your Sporcle Settings to finish the process.

Report this User

Report this user for behavior that violates our Community Guidelines.

Details: